000 00354 a2200145 4500
001 64755
082 _a629.130019 VAR
090 _c38287
_d38287
100 _aAlex Varney
245 _aPsychology of Flight
_cAlex Varney
250 _a1
260 _aToronto
_bD Van Nostrand,Co
_c1950
300 _aiv, 269p.
_bPhotocopy
505 _aNUST Books
942 _aNUST-CAE
_k629.130019 VAR
999 _c299828
_d299828